LEADER 02476nam 22006013 450 001 996571861703316 005 20231214084507.0 010 $a3-8394-7001-3 024 7 $a10.1515/9783839470015 035 $a(CKB)29276933700041 035 $a(MiAaPQ)EBC7374634 035 $a(Au-PeEL)EBL7374634 035 $a(DE-B1597)665812 035 $a(DE-B1597)9783839470015 035 $a(EXLCZ)9929276933700041 100 $a20231214d2023 uy 0 101 0 $ager 135 $aur||||||||||| 181 $ctxt$2rdacontent 182 $cc$2rdamedia 183 $acr$2rdacarrier 200 10$aBilder nationaler Zugehörigkeit $eMuslimische Frauen und »akzeptable Differenz« in Deutschschweizer Mediendiskursen 205 $a1st ed. 210 1$aBielefeld :$ctranscript,$d2023. 210 4$d©2023. 215 $a1 online resource (335 pages) 225 1 $aReligion und Medien 311 08$a9783837670011 330 $aNationen basieren auf Ein- und Ausschlussmechanismen, die in öffentlichen Mediendiskursen ausgehandelt werden. Im heutigen Europa sind Referenzen zu Religion und spezifisch zum Islam bei der Verhandlung nationaler Zugehörigkeit zentral. Bisherige Analysen öffentlicher Debatten zum Islam in Europa haben gezeigt, dass Fragen der Geschlechtergleichstellung im Vordergrund stehen und muslimische Frauen häufig Bilder kollektiver Differenz markieren. Mirjam Aeschbach legt anhand einer detaillierten Analyse aktiver Medienbeiträge muslimischer Diskursakteurinnen von 2016 bis 2019 dar, wie diese in der Öffentlichkeit Bilder nationaler Zugehörigkeit aufgreifen und sich aneignen - und wie diese Bilder so potentiell in Frage gestellt werden. 410 0$aReligion und Medien 606 $aRELIGION / General$2bisacsh 610 $aDifference. 610 $aGender Studies. 610 $aGender. 610 $aIdentity. 610 $aIslam. 610 $aMigration. 610 $aNation. 610 $aReligion. 610 $aReligious Studies. 610 $aSocial Media. 610 $aSociology of Religion. 610 $aSwitzerland. 615 7$aRELIGION / General. 700 $aAeschbach$b Mirjam$01461852 712 02$aSwiss National Science Foundation (SNSF)$4fnd$4http://id.loc.gov/vocabulary/relators/fnd 801 0$bMiAaPQ 801 1$bMiAaPQ 801 2$bMiAaPQ 906 $aBOOK 912 $a996571861703316 996 $aBilder nationaler Zugehörigkeit$93670680 997 $aUNISA LEADER 02167nam 2200553 a 450 001 9910966993303321 005 20251117093105.0 010 $a1-68015-379-X 010 $a0-87335-378-1 035 $a(CKB)2670000000324951 035 $a(EBL)1110760 035 $a(OCoLC)827211621 035 $a(SSID)ssj0000833665 035 $a(PQKBManifestationID)11462185 035 $a(PQKBTitleCode)TC0000833665 035 $a(PQKBWorkID)10936147 035 $a(PQKB)10395324 035 $a(MiAaPQ)EBC1110760 035 $a(Au-PeEL)EBL1110760 035 $a(CaPaEBR)ebr10742706 035 $a(BIP)7085591 035 $a(EXLCZ)992670000000324951 100 $a20010116d2001 uy 0 101 0 $aeng 135 $aurcn||||||||| 181 $ctxt 182 $cc 183 $acr 200 00$aMineral biotechnology $emicrobial aspects of mineral beneficiation, metal extraction, and environmental control /$fedited by S.K. Kawatra and K.A. Natarajan 205 $a1st ed. 210 $aLittleton, Colo. $cSociety for Mining, Metallurgy, and Exploration$dc2001 215 $a1 online resource (273 p.) 300 $aDescription based upon print version of record. 311 08$a0-87335-201-7 320 $aIncludes bibliographical references and index. 327 $asection 1. Biobeneficiation -- section 2. Bioleaching -- section 3. Bioremediation -- section 4. Biomineralization. 330 $aMicroorganisms can play a beneficial role in all facets of minerals processing, from mining to waste disposal and management. The commercial practice of biohydrometallurgical metal extraction occurs all over the world. Mineral Biotechnology provides the technical knowledge necessary to compete in this arena by presenting specific, detailed technologies and real-world case studies. 606 $aBacterial leaching 615 0$aBacterial leaching. 676 $a622/.7 701 $aKawatra$b S. K$01871713 701 $aNatarajan$b K. A.$cProf.$0957536 801 0$bMiAaPQ 801 1$bMiAaPQ 801 2$bMiAaPQ 906 $aBOOK 912 $a9910966993303321 996 $aMineral biotechnology$94480640 997 $aUNINA